<?xml version="1.0" encoding="UTF-8"?><?xml-stylesheet type="text/xsl" href="static/style.xsl"?><OAI-PMH xmlns="http://www.openarchives.org/OAI/2.0/" xmlns:xsi="http://www.w3.org/2001/XMLSchema-instance" xsi:schemaLocation="http://www.openarchives.org/OAI/2.0/ http://www.openarchives.org/OAI/2.0/OAI-PMH.xsd"><responseDate>2026-05-17T18:12:26Z</responseDate><request verb="GetRecord" identifier="oai:recam.amb.cat:20.500.14439/4853" metadataPrefix="marc">https://recam.amb.cat/rest/oai/request</request><GetRecord><record><header><identifier>oai:recam.amb.cat:20.500.14439/4853</identifier><datestamp>2026-05-13T23:45:17Z</datestamp><setSpec>com_20.500.14439_2676</setSpec><setSpec>com_20.500.14439_126</setSpec><setSpec>col_20.500.14439_4850</setSpec></header><metadata><record xmlns="http://www.loc.gov/MARC21/slim" xmlns:dcterms="http://purl.org/dc/terms/" xmlns:xsi="http://www.w3.org/2001/XMLSchema-instance" xmlns:doc="http://www.lyncode.com/xoai" xsi:schemaLocation="http://www.loc.gov/MARC21/slim http://www.loc.gov/standards/marcxml/schema/MARC21slim.xsd">
   <leader>00925njm 22002777a 4500</leader>
   <datafield ind2=" " ind1=" " tag="042">
      <subfield code="a">dc</subfield>
   </datafield>
   <datafield ind2=" " ind1=" " tag="720">
      <subfield code="a">Torre, Ignasi</subfield>
      <subfield code="e">author</subfield>
   </datafield>
   <datafield ind2=" " ind1=" " tag="720">
      <subfield code="a">Arrizabalaga, Antoni</subfield>
      <subfield code="e">author</subfield>
   </datafield>
   <datafield ind2=" " ind1=" " tag="260">
      <subfield code="c">2022-01-01</subfield>
   </datafield>
   <datafield ind2=" " ind1=" " tag="520">
      <subfield code="a">Durant aquest 2022 es completa el quinzè any de seguiment de petits mamífers comuns (SEMICE) a la Xarxa de Parcs Naturals de Barcelona (XPN-DiBa) i al Parc Natural de la Serra de Collserola, dins del projecte de seguiment de petits mamífers comuns d’Espanya (SEMICE).  Al llarg de les dues campanyes de seguiment de petits mamífers realitzades al Parc de Collserola, s’ha capturat un total de quatre petits mamífers d’una sòla espècie, Apodemus sylvaticus. Enguany, no hem detectat la musaranya vulgar (Crocidura russula), ni el ratolí de camp (Mus spretus). Durant el 2022, totes les captures s’han produit a la primavera, un fet habitual en la dinàmica poblacional d’A. sylvaticus, que acostuma a presentar màxims primaverals. Durant la tardor no s’han fet captures, a manca de dades per l’estació del Centre d’Informació del Parc. Aquests resultats són els pitjors de tota la sèrie temporal, amb mínims absoluts assolits tant en la campanya de primavera com de tardor. Enguany, les poblacions de petits mamífers ja no mostren els signes de recuperació important desprès de la forta davallada detectada en el període 2008 2017. Les poblacions han davallat des de la primavera de l’any 2019, assolint els mínims de tota la sèrie temporal durant aquesta tardor.</subfield>
   </datafield>
   <datafield ind1="8" ind2=" " tag="024">
      <subfield code="a">Torre, I. i Arrizabalaga, A. (2022). Programa de seguiment de  petits mamífers comuns al Parc Natural de la Serra de Collserola (Xarxa SEMICE 2022). Estudi finançat pel Consorci del Parc Natural de la Serra de Collserola.</subfield>
   </datafield>
   <datafield ind1="8" ind2=" " tag="024">
      <subfield code="a">https://hdl.handle.net/20.500.14439/4853</subfield>
   </datafield>
   <datafield tag="653" ind2=" " ind1=" ">
      <subfield code="a">Mamífers</subfield>
   </datafield>
   <datafield ind2="0" ind1="0" tag="245">
      <subfield code="a">Programa de seguiment de petits mamífers comuns al Parc Natural de la Serra de Collserola (Xarxa SEMICE 2022)</subfield>
   </datafield>
</record></metadata></record></GetRecord></OAI-PMH>